| 000 | 00634nam a2200217Ia 4500 | ||
|---|---|---|---|
| 005 | 20250508163801.0 | ||
| 008 | 008 250505s9999 xx 000 0 eng d | ||
| 020 | _a1-85396-301-1 | ||
| 037 | _aReference | ||
| 040 |
_aFEDL _beng _cFEDL |
||
| 041 |
_aeng _2eng |
||
| 084 |
_a371.9, HAR _qFEDL |
||
| 100 | _aHart Susan | ||
| 245 | 0 | _aBeyond special needs: Enhancing children's learning through innovative thinking | |
| 260 |
_aLondon, UK _bPaul Chapman Publishing _c1996 |
||
| 300 | _axvii,138p | ||
| 365 |
_aGBP _b14.99 |
||
| 650 | _aSpecial education | ||
| 942 |
_cREF _h371.9, HAR |
||
| 999 |
_c1385226 _d1385226 |
||